Normal view
MARC view
- الإتقاني، قوام الدين أمير كاتب بن أمير عمر بن أمير غازي الفارابي ، تحقيق ودراسة صابر نصر مصطفى عثمان
Entry Personal Name
001 - CONTROL NUMBER
- control field: 43681
003 - CONTROL NUMBER IDENTIFIER
- control field: JO-AjAnu
005 - DATE AND TIME OF LATEST TRANSACTION
- control field: 20230606081234.0
008 - FIXED-LENGTH DATA ELEMENTS
- fixed length control field: 230606|| aca||aabn | a|a d
040 ## - CATALOGING SOURCE
- Original cataloging agency: JO-AjAnu
- Transcribing agency: JO-AjAnu
100 ## - HEADING--PERSONAL NAME
- Personal name: الإتقاني، قوام الدين أمير كاتب بن أمير عمر بن أمير غازي الفارابي ، تحقيق ودراسة صابر نصر مصطفى عثمان
670 ## - SOURCE DATA FOUND
- Source citation: Work cat.: (JO-AjAnu)22364: الإتقاني، قوام الدين أمير كاتب بن أمير عمر بن أمير غازي الفارابي ، تحقيق ودراسة صابر نصر مصطفى عثمان, author, التبيين، ج2